ბათუმის შოთა რუსთაველის სახელმწიფო უნივერსიტეტის ბიბლიოთეკა

ქართული მართლწერა : (ბიბ.ჩანაწერი № 52992)

000 -ლიდერი
ფიქსირებული სიგრძის საკონტროლო ველი 01017nam a2200241Ia 4500
001 - საკონტროლო ნომერი
საკონტროლო ველი 20023
003 - საკონტროლო ნომრის იდენტიფიკატორი
საკონტროლო ველი GE_BSU
005 - ბოლო ოპერაციის თარიღი და დრო
საკონტროლო ველი 20200602183158.0
008 - ფიქსირებული სიგრძის მონაცემთა ელემენტები - ზოგადი ინფორმაცია
ფიქსირებული სიგრძის საკონტროლო ველი 181216s1965||||ge |||||||||||||| ||geo||
040 ## - კატალოგიზაციის წყარო
Transcribing agency GE_BSU
041 ## - ენის კოდი
Language code of text/sound track or separate title geo
080 ## - უნივერსალური ათობითი კლასიფიკაციის ინდექსი
Universal Decimal Classification number 811.353.1'35 შ-19
100 ## - მთავარი ჩანაწერი - პიროვნების სახელი
Personal name შალამბერიძე, გიორგი
9 (RLIN) 8279
245 ## - ცნობა სათაურის შესახებ
Title ქართული მართლწერა :
Remainder of title საშუალო სკოლის მოსწავლეთათვის /
Statement of responsibility, etc გიორგი შალამბერიძე ; რედ. ე. გელაშვილი.
250 ## - გამოცემის ცნობა
Edition statement მე-3 გამოცემა
264 ## - წარმოების, გამოცემის, დისტრიბუციის და სხვა ცნობები
გამოცემის, წარმოების, დისტრიბუციის... ადგილი თბილისი :
გამოცემის, წარმოების, დისტრიბუციის... სახელწოდება განათლება,
გამოცემის, წარმოების, დისტრიბუციის... თარიღი 1965.
300 ## - ფიზიკური აღწერა
Extent 228 გვ. ;
Dimensions 21 სმ
653 ## - INDEX TERM--UNCONTROLLED
Uncontrolled term ქართული ენა
653 ## - INDEX TERM--UNCONTROLLED
Uncontrolled term ქართული ენის მართლწერა
700 ## - ADDED ENTRY--PERSONAL NAME
Personal name გელაშვილი, ე.
Relator term რედაქტორი
9 (RLIN) 7719
942 ## - ADDED ENTRY ELEMENTS (KOHA)
Koha item type წიგნი
Source of classification or shelving scheme
ეგზემპლარები
ჩამოწერის სტატუსი დაკარგული ეგზემპლარის სტატუსი კლასიფიკაციის წყარო ან თაროზე გაწყობის სქემა დაზიანების სტატუსი არ გაიცემა მუდმივი მდებარეობა (დაცვის ადგილი) ამჟამინდელი ადგილსამყოფელი თაროზე განთავსების ადგილი შეძენის თარიღი ღირებულება, შესყიდვის ნორმალური ფასი სრული შენახვის შიფრი შტრიხკოდი ბოლო ოპერაციის თარიღი ეგზემპლარის მიმდევრობითი ნომერი (კეტერი?) ფასის ძალაში შესვლის თარიღი ეგზემპლარის სახეობა საჯარო შენიშვნა
          ბათუმის შოთა რუსთაველის სახელმწიფო უნივერსიტეტის მთავარი ბიბლიოთეკა ბათუმის შოთა რუსთაველის სახელმწიფო უნივერსიტეტის მთავარი ბიბლიოთეკა წიგნსაცავი 2018-12-17 0.80 811.353.1'35 შ-19 52745 2018-12-17 52745 2018-12-17 წიგნი 0.80 ლ.
          ბათუმის შოთა რუსთაველის სახელმწიფო უნივერსიტეტის მთავარი ბიბლიოთეკა ბათუმის შოთა რუსთაველის სახელმწიფო უნივერსიტეტის მთავარი ბიბლიოთეკა წიგნსაცავი 2018-12-17 0.80 811.353.1'35 შ-19 53041 2018-12-17 53041 2018-12-17 წიგნი 0.80 ლ.
          ბათუმის შოთა რუსთაველის სახელმწიფო უნივერსიტეტის მთავარი ბიბლიოთეკა ბათუმის შოთა რუსთაველის სახელმწიფო უნივერსიტეტის მთავარი ბიბლიოთეკა წიგნსაცავი 2018-12-17 0.80 811.353.1'35 შ-19 53042 2018-12-17 53042 2018-12-17 წიგნი 0.80 ლ.
          ბათუმის შოთა რუსთაველის სახელმწიფო უნივერსიტეტის მთავარი ბიბლიოთეკა ბათუმის შოთა რუსთაველის სახელმწიფო უნივერსიტეტის მთავარი ბიბლიოთეკა წიგნსაცავი 2018-12-17 0.80 811.353.1'35 შ-19 53043 2018-12-17 53043 2018-12-17 წიგნი 0.80 ლ.